000 00762nam a2200253 a 4500
005 20260322212004.0
008 data
010 _a 93070537
020 _a0932796567
020 _a9780932796561
040 _aDLC
_cDLC
050 0 0 _aHV697
_b.A33 1993
082 0 0 _a362.82/86
_220
096 _aWM 430.5.F2 C475 1993
245 0 0 _aAdlerian family counseling :
_ba manual for counselor, educator, and psychotherapist /
_cedited by Oscar C. Christensen.
250 _aRev. ed.
260 _aMinneapolis :
_bEducational Media Corp.,
_cc1993.
300 _avi, 186 p. :
_bill. ;
_c22 cm.
504 _aIncludes bibliographical references.
600 1 0 _aAlder, Alfred,
_d1870-1937.
650 0 _aFamily counseling.
700 1 _aChristensen, Oscar C.
001 data
999 _c45
_d45